00573nam a2200193 a 4500001001300000003000900013005001700022008004100039020001000080082002100090100002800111245006900139260005400208300000900262500003500271505001000306650003500316700002800351nice12345678IN_TiNIC20260116013442.0050524s1992 hyda grp 000 0 eng  ac24000a352.7095484bRAN aRanga Rao, S Bhanumathi aLand Revenue Administration in the Nizam`s Dominions (1853-1948) aHyderabad bMarkazi Anjuman Taleemus Salat c1992 a214p aincludes index and biblioraphy2 aIndex aHyderabad State-Administration1 aRanga Rao, S Bhanumathi